Książki Sagi o Wiedźminie - Statystyki

Ogólne statystyki
  • Ten quiz został rozwiązany 467 razy
  • Średni wynik to 7 z 8
Statystyki odpowiedzi
# Rok wydania Książka % Poprawnych
Zbiór opowiadań 1993 Miecz przeznaczenia
93%
Tom 1 1994 Krew elfów
90%
Zbiór opowiadań 1993 Ostatnie życzenie
89%
Tom 4 1997 Wieża Jaskółki
88%
Tom 5 1999 Pani Jeziora
87%
Spin-off 2013 Sezon burz
78%
Tom 2 1995 Czas pogardy
74%
Tom 3 1996 Chrzest ognia
70%
Nie znaleziono quizów pasujących do podanych kryteriów
Rozkład punktacji
Procent ludzi z każdym wynikiem
Percentyl według liczby udzielonych odpowiedzi
Twoja historia wyników
Nie rozwiązałeś tego quizu